<?xml version="1.0" encoding="UTF-8"?>
<record
    xmlns:xsi="http://www.w3.org/2001/XMLSchema-instance"
    xsi:schemaLocation="http://www.loc.gov/MARC21/slim http://www.loc.gov/standards/marcxml/schema/MARC21slim.xsd"
    xmlns="http://www.loc.gov/MARC21/slim">

  <leader>00783nam a22002177a 4500</leader>
  <controlfield tag="005">20240327145321.0</controlfield>
  <datafield tag="010" ind1=" " ind2=" ">
    <subfield code="a">ENG-139717 ENG-139964</subfield>
  </datafield>
  <datafield tag="020" ind1=" " ind2=" ">
    <subfield code="a">9788181715265</subfield>
    <subfield code="c">2380.00</subfield>
  </datafield>
  <datafield tag="035" ind1=" " ind2=" ">
    <subfield code="a">EN-123249</subfield>
  </datafield>
  <datafield tag="035" ind1=" " ind2=" ">
    <subfield code="a">EN-123496</subfield>
  </datafield>
  <datafield tag="037" ind1=" " ind2=" ">
    <subfield code="b">DBAD/PUB</subfield>
  </datafield>
  <datafield tag="082" ind1=" " ind2=" ">
    <subfield code="a">599.0954</subfield>
    <subfield code="2">1</subfield>
  </datafield>
  <datafield tag="100" ind1=" " ind2=" ">
    <subfield code="a">Kamalakannan.M</subfield>
    <subfield code="9">64011</subfield>
  </datafield>
  <datafield tag="245" ind1=" " ind2=" ">
    <subfield code="a">Tricho-taxonomy of Indian mammals;</subfield>
    <subfield code="b">Carnivores,artiodactyls, Primates, Giant squirrels, Lagomorphs and pangolins/</subfield>
    <subfield code="c">by M. Kamalakannan</subfield>
  </datafield>
  <datafield tag="260" ind1=" " ind2=" ">
    <subfield code="a">Kolkata</subfield>
    <subfield code="b">Zoological Survey of India</subfield>
    <subfield code="c">2019</subfield>
  </datafield>
  <datafield tag="270" ind1=" " ind2=" ">
    <subfield code="b">Kolkata</subfield>
    <subfield code="a">M-Block, New alipore, Kolkata</subfield>
    <subfield code="e">700053</subfield>
  </datafield>
  <datafield tag="300" ind1=" " ind2=" ">
    <subfield code="a">227p.</subfield>
    <subfield code="c">29cm(HB)</subfield>
    <subfield code="b">Images </subfield>
  </datafield>
  <datafield tag="700" ind1=" " ind2=" ">
    <subfield code="a">M.Kamalakannan</subfield>
    <subfield code="9">63420</subfield>
  </datafield>
  <datafield tag="710" ind1=" " ind2=" ">
    <subfield code="a">C.Venkatraman &amp; Kailash Chandra</subfield>
    <subfield code="e">Authors</subfield>
    <subfield code="9">63421</subfield>
  </datafield>
  <datafield tag="942" ind1=" " ind2=" ">
    <subfield code="2">ddc</subfield>
    <subfield code="c">EN</subfield>
    <subfield code="m">Kam</subfield>
    <subfield code="h">599.0954</subfield>
    <subfield code="e">1</subfield>
  </datafield>
  <datafield tag="999" ind1=" " ind2=" ">
    <subfield code="c">201523</subfield>
    <subfield code="d">201523</subfield>
  </datafield>
  <datafield tag="952" ind1=" " ind2=" ">
    <subfield code="0">0</subfield>
    <subfield code="1">0</subfield>
    <subfield code="4">0</subfield>
    <subfield code="7">0</subfield>
    <subfield code="8">NFIC</subfield>
    <subfield code="a">DBAD</subfield>
    <subfield code="b">DBAD</subfield>
    <subfield code="d">2024-03-15</subfield>
    <subfield code="e">DBAD</subfield>
    <subfield code="g">2380.00</subfield>
    <subfield code="l">0</subfield>
    <subfield code="o">599.0954 KAM</subfield>
    <subfield code="p">EN-123249</subfield>
    <subfield code="r">2024-03-15 00:00:00</subfield>
    <subfield code="t">1</subfield>
    <subfield code="v">2380.00</subfield>
    <subfield code="w">2024-03-15</subfield>
    <subfield code="y">EN</subfield>
  </datafield>
  <datafield tag="952" ind1=" " ind2=" ">
    <subfield code="0">0</subfield>
    <subfield code="1">0</subfield>
    <subfield code="4">0</subfield>
    <subfield code="7">1</subfield>
    <subfield code="8">REF</subfield>
    <subfield code="a">AV</subfield>
    <subfield code="b">AV</subfield>
    <subfield code="d">2024-03-27</subfield>
    <subfield code="e">DBAD</subfield>
    <subfield code="g">2380.00</subfield>
    <subfield code="l">0</subfield>
    <subfield code="o">599.0954 KAM</subfield>
    <subfield code="p">EN-123496</subfield>
    <subfield code="r">2024-03-27 00:00:00</subfield>
    <subfield code="t">1</subfield>
    <subfield code="v">2380.00</subfield>
    <subfield code="w">2024-03-27</subfield>
    <subfield code="y">EN</subfield>
  </datafield>
</record>
